000 00536nam a2200169 i 4500
001 55861
003 ES-MaACL
005 20230906163231.0
007 t|
008 030929s1966 sp ||||1| spa d
100 1 _aDíaz, José Antonio.
_944134
245 1 3 _aLa crisis permanente de la Acción Católica /
_cJosé Antonio Díaz ; prólogo de José Mª González Ruiz.
250 _a[1ª ed.].
260 _aBarcelona :
_bNova Terra,
_c[1966]
700 1 _aGonzález Ruiz, José María.
_958943
852 _aES-MaACL
_jC-30529
_bR.60995
999 _c55861
_d55861